000 01420nam0a22003011 4500
001 v19\rc\1661222
005 20061002134831.6
035 _a(NLR Aleph) 004770620
090 _a4627044
_c4627044
100 _a20061002d1891 |||y0rusy50 ca
101 0 _arus
102 _aRU
105 _ay z |||||
200 1 _aО патологоанатомических изменениях в сердечных узлах человека при дифтерите и септицэмии
_eДис. на степ. д-ра мед. И.М. Ветвинского
_fИз Патологоанатом. каб. проф. Н.П. Ивановского
210 _aСанкт-Петербург
_cтип. А. Мучника
_d1891
215 _a35 с.
_d25
225 1 _aСерия диссертаций, допущенных к защите в Императорской Военно-медицинской академии в 1891-1892 учебном году
_v№ 33
320 _aБиблиогр.: с. 30-32
700 1 _aВетвинский
_bИ. М.
_f1856-
_gИван Михайлович
702 1 _aИвановский
_bН. П.
_f1843-1912
_gНиколай Петрович
_3RU\NLR\AUTH\770222731
_4570
801 0 _aRU
_bNLR
_gpsbo
801 0 _aRU
_bRuMoRGB
_2psbo
801 1 _aRU
_bProSoft-M
_2rusmarc
852 _aNLR
_j18.309.1.404
899 _aRuMoRGB
_jA 170/358
899 _aБАН
942 _cBOOK
980 _aNB